000 00728pam a2200241 a 4500
001 BD-DhSAU 3222
003 BD-DhSAU
005 20150204132737.0
008 851101s1986 maua b 001 0 eng
020 _a9788185674544
040 _aBD-DhSAU
082 0 0 _a581.788
_222
_bBEP
100 1 _aBegon, Michael.
245 1 0 _aPopulation ecology :
_ba unified study of animals and plants /
_cMichael Begon, Martin Mortimer.
250 _a2nd ed.
260 _aSunderland, Mass. :
_bSinauer Associates ;
_c1986.
300 _avii, 220 p. :
_bill. ;
_c23 cm.
504 _aIncludes indexes and Bibliography: p. 203-211.
590 _aIMRAN
650 0 _aPopulation biology.
650 0 _aEcology.
700 1 _aMortimer, Martin.
942 _2ddc
_cBOOK
999 _c3222
_d3222